000 00496nam a2200181Ia 4500
003 OSt
005 20260306110256.0
008 210210b1950 xxu||||| |||| 00| 0 eng d
040 _cAL
041 _ahin
082 _a863/139
100 _aVARMA (Ramkumar):
_9199744
_dवर्मा (रामकुमार)
245 _aCharumitra:
_bचारुमित्रा
260 _aIllahabad
_bSadhana Sadhan
_c1950
690 _aHindi Drama
_9199746
906 _a023516
942 _2ddc
_cBK
999 _c148486
_d148486